| 000 | 00643nam a2200217Ia 4500 | ||
|---|---|---|---|
| 005 | 20260429111932.0 | ||
| 008 | 260429s9999||||xx |||||||||||||| ||und|| | ||
| 020 | _a9789349830769 | ||
| 041 | _aEnglish | ||
| 082 |
_a006.3 _bSIN |
||
| 100 | _aSingh, Ramesh | ||
| 245 | 0 |
_aIntroduction to artificial intelligence with python / _cRamesh Singh |
|
| 250 | _a1st ed. | ||
| 260 |
_aNew Delhi : _bAne Publishers and Distributors LLP, _c2025. |
||
| 300 | _avii, 348 p.; hb | ||
| 650 | _a Computer science | ||
| 650 | _a Machine learning | ||
| 650 | _a Python (Computer program language) | ||
| 650 | _aArtificial intelligence | ||
| 942 | _cTB | ||
| 999 |
_c51507 _d51507 |
||